[Event "GER-chT Lands U20"]
[Site "Hannover"]
[Date "2023.10.03"]
[Round "5"]
[White "Bock, Marlon"]
[Black "Malinowsky, Levi"]
[Result "1/2-1/2"]
[WhiteElo "1984"]
[BlackElo "2138"]
[PlyCount "47"]
[EventDate "2023.10.01"]
[EventType "team-swiss"]
[EventRounds "7"]
[EventCountry "GER"]
[SourceTitle "EXT 2024"]
[Source "ChessBase"]
[SourceDate "2023.10.10"]
[SourceVersion "1"]
[SourceVersionDate "2023.10.10"]
[SourceQuality "1"]

1. d4 Nf6 2. c4 g6 3. Nc3 d5 4. cxd5 Nxd5 5. e4 Nxc3 6. bxc3 Bg7 7. Nf3 c5 8. Rb1 0-0 9. Be2 cxd4 10. cxd4 Qa5+ 11. Qd2 Qxd2+ 12. Bxd2 Rd8 13. d5 e6 14. Bc4 b6 15. 0-0 Ba6 16. Bxa6 Nxa6 17. dxe6 fxe6 18. Be3 Nc5 19. Bxc5 bxc5 20. Rfc1 Rab8 21. Kf1 Bd4 22. Rxb8 Rxb8 23. Nxd4 cxd4 24. g3 1/2-1/2

[Event "GER-chT Lands U20"]
[Site "Hannover"]
[Date "2023.10.02"]
[Round "3"]
[White "Grossmann, Piet"]
[Black "Bock, Marlon"]
[Result "1/2-1/2"]
[WhiteElo "1904"]
[BlackElo "1984"]
[PlyCount "52"]
[EventDate "2023.10.01"]
[EventType "team-swiss"]
[EventRounds "7"]
[EventCountry "GER"]
[SourceTitle "EXT 2024"]
[Source "ChessBase"]
[SourceDate "2023.10.10"]
[SourceVersion "1"]
[SourceVersionDate "2023.10.10"]
[SourceQuality "1"]

1. e4 c5 2. Nf3 Nc6 3. Nc3 e5 4. Bc4 d6 5. d3 Be7 6. Nd2 Nf6 7. Nf1 0-0 8. Ne3 Nd4 9. 0-0 Be6 10. a4 Rb8 11. Bd2 h6 12. b3 Qc8 13. Ncd5 Bd8 14. c3 Nc6 15. f4 a6 16. f5 Bxd5 17. Bxd5 Ne7 18. c4 Nexd5 19. Nxd5 b5 20. Nxf6+ Bxf6 21. axb5 axb5 22. Qg4 Kh7 23. Rf3 Ra8 24. Rd1 Ra2 25. Rh3 Rh8 26. Qh5 Kg8 1/2-1/2

[Event "GER-ch U16"]
[Site "Willingen"]
[Date "2023.05.29"]
[Round "3"]
[White "Heinisch, Niklas"]
[Black "Bock, Marlon"]
[Result "1/2-1/2"]
[WhiteElo "1903"]
[BlackElo "1954"]
[PlyCount "60"]
[EventDate "2023.05.27"]
[EventType "swiss"]
[EventRounds "9"]
[EventCountry "GER"]
[SourceTitle "CBM 214 Extra"]
[Source "ChessBase"]
[SourceDate "2023.07.31"]
[SourceVersion "1"]
[SourceVersionDate "2023.07.31"]
[SourceQuality "1"]

1. c4 e5 2. Nc3 Nf6 3. g3 Bb4 4. e4 Bxc3 5. dxc3 0-0 6. f3 d6 7. Nh3 Re8 8. Nf2 Be6 9. Bd3 c6 10. Qe2 d5 11. 0-0 Nbd7 12. cxd5 cxd5 13. Be3 Qc7 14. Rfd1 a6 15. Bc2 Rad8 16. Rd2 Nb6 17. Bxb6 Qxb6 18. exd5 Rxd5 19. Rxd5 Bxd5 20. Ba4 Rc8 21. Bc2 h6 22. Kg2 Qc6 23. Bb3 Bxb3 24. axb3 Re8 25. Re1 Kf8 26. Qc4 Qxc4 27. bxc4 Re6 28. Rd1 Ke7 29. c5 e4 30. fxe4 Nxe4 1/2-1/2

[Event "GER-ch U16"]
[Site "Willingen"]
[Date "2023.05.28"]
[Round "1"]
[White "Sidletskyi, Ivan"]
[Black "Bock, Marlon"]
[Result "1-0"]
[WhiteElo "2152"]
[BlackElo "1954"]
[PlyCount "83"]
[EventDate "2023.05.27"]
[EventType "swiss"]
[EventRounds "9"]
[EventCountry "GER"]
[SourceTitle "CBM 214 Extra"]
[Source "ChessBase"]
[SourceDate "2023.07.31"]
[SourceVersion "1"]
[SourceVersionDate "2023.07.31"]
[SourceQuality "1"]

1. e4 c5 2. Nf3 Nc6 3. Bb5 e6 4. 0-0 Nge7 5. d4 cxd4 6. Nxd4 Qb6 7. Nxc6 bxc6 8. Bd3 Ng6 9. c4 Be7 10. Nc3 0-0 11. Rb1 c5 12. f4 Bb7 13. Be3 Qc6 14. Qh5 Nh4 15. g3 Nf5 16. Nd5 Bd8 17. g4 Nxe3 18. Nxe3 Bf6 19. Nc2 Rad8 20. g5 g6 21. Qh4 Bh8 22. Rf3 f5 23. gxf6 Bxf6 24. Qg3 Bg7 25. Rbf1 d5 26. exd5 exd5 27. f5 d4 28. Ne1 Rde8 29. Ng2 Rf7 30. Nf4 Re3 31. Nd5 Rxf3 32. Rxf3 gxf5 33. Bxf5 Qe8 34. Qh3 Bxd5 35. cxd5 Kf8 36. Kf1 Qb5+ 37. Kg1 Qe2 38. Qh4 Rf6 39. Qg3 Qe8 40. d6 Rf7 41. d7 Qd8 42. Qd6+ 1-0

[Event "GER-chT Lands U20"]
[Site "Wiesbaden"]
[Date "2022.10.02"]
[Round "4.6"]
[White "Bock, Marlon"]
[Black "Haubold, Sebastian Marcel"]
[Result "1/2-1/2"]
[WhiteElo "1866"]
[BlackElo "2039"]
[PlyCount "120"]
[EventDate "2022.09.30"]
[EventType "team-swiss"]
[EventRounds "7"]
[EventCountry "GER"]
[SourceTitle "CBM 210 Extra"]
[Source "ChessBase"]
[SourceDate "2022.11.30"]
[SourceVersion "1"]
[SourceVersionDate "2022.11.30"]
[SourceQuality "1"]
[WhiteTeam "Thueringen U20"]
[BlackTeam "Sachsen Anhalt U20"]
[WhiteTeamCountry "GER"]
[BlackTeamCountry "GER"]

1. d4 Nf6 2. Nf3 g6 3. Nc3 d5 4. Bf4 Bg7 5. Qd2 0-0 6. Bh6 Ne4 7. Nxe4 dxe4 8. Bxg7 Kxg7 9. Ng5 e5 10. dxe5 Qxd2+ 11. Kxd2 Rd8+ 12. Ke3 Nc6 13. Nxe4 Nxe5 14. Kf4 f6 15. f3 g5+ 16. Kg3 Bf5 17. Nc5 Rd2 18. Rc1 Rxc2 19. Rxc2 Bxc2 20. h4 b6 21. Ne6+ Kf7 22. Nd4 Bb1 23. hxg5 fxg5 24. e4 Kg6 25. f4 gxf4+ 26. Kxf4 Nd3+ 27. Bxd3 Bxd3 28. Nf5 Rh8 29. Rh6+ Kf7 30. Rc6 Re8 31. Rxc7+ Kf6 32. Rc6+ Re6 33. e5+ Kf7 34. Rc7+ Kg8 35. Rxa7 Re8 36. Nd6 Rf8+ 37. Ke3 Bg6 38. Kd4 Rf2 39. e6 Rxg2 40. b3 h5 41. Ke3 h4 42. Ra4 Rg5 43. Rxh4 Re5+ 44. Kd4 Rxe6 45. Kd5 Re2 46. Ra4 Bb1 47. a3 Ba2 48. Rb4 Rd2+ 49. Kc6 Rd3 50. Rg4+ Kf8 51. b4 Rxa3 52. Kxb6 Ke7 53. Nb7 Bd5 54. Rd4 Bg2 55. b5 Bf1 56. Na5 Bxb5 57. Kxb5 Rh3 58. Nc4 Rh6 59. Nb6 Ke6 60. Kc5 Ke5 1/2-1/2

[Event "GER-ch U16"]
[Site "Willingen"]
[Date "2022.06.11"]
[Round "9"]
[White "Bock, Marlon"]
[Black "Kort, Felix"]
[Result "1-0"]
[WhiteElo "1816"]
[BlackElo "1888"]
[PlyCount "85"]
[EventDate "2022.06.04"]
[EventType "swiss"]
[EventRounds "9"]
[EventCountry "GER"]
[SourceTitle "CBM 208 Extra"]
[Source "ChessBase"]
[SourceDate "2022.07.31"]
[SourceVersion "1"]
[SourceVersionDate "2022.07.31"]
[SourceQuality "1"]

1. d4 Nf6 2. Nf3 e6 3. e3 b6 4. Bd3 Bb7 5. 0-0 d5 6. Nbd2 Bd6 7. b3 0-0 8. Bb2 Ne4 9. Qe2 Nd7 10. Ne5 f6 11. Nxd7 Qxd7 12. f4 f5 13. Nf3 Rf6 14. c4 Rh6 15. Rac1 a5 16. a4 Qf7 17. Ne5 Qf6 18. Bxe4 fxe4 19. Ng4 Qh4 20. Nxh6+ Qxh6 21. Qg4 Ba6 22. Rf2 Rf8 23. c5 bxc5 24. dxc5 Be7 25. Bxg7 Qxg7 26. Qxe6+ Kh8 27. Qxa6 Rb8 28. Qxa5 Rxb3 29. Qxc7 Rxe3 30. a5 Ra3 31. a6 e3 32. Re2 Ra1 33. Qb8+ Bf8 34. Qxf8+ Qxf8 35. Rxa1 Qg7 36. Rb1 Qa7 37. Rxe3 Qxc5 38. Rbe1 d4 39. a7 dxe3 40. a8Q+ Kg7 41. Qe4 e2+ 42. Kh1 Qf2 43. Qxe2 1-0

[Event "GER-CupT 2122 prel5"]
[Site "Halle"]
[Date "2022.03.26"]
[Round "1.1"]
[White "Bock, Marlon"]
[Black "Wichmann, Cliff"]
[Result "0-1"]
[WhiteElo "1818"]
[BlackElo "2299"]
[PlyCount "60"]
[EventDate "2022.03.26"]
[EventType "team-k.o."]
[EventRounds "2"]
[EventCountry "GER"]
[SourceTitle "EXT 2023"]
[Source "ChessBase"]
[SourceDate "2022.10.05"]
[SourceVersion "1"]
[SourceVersionDate "2022.10.05"]
[SourceQuality "1"]
[WhiteTeam "Weimar Vimaria"]
[BlackTeam "Aue Nickelhuette"]
[WhiteTeamCountry "GER"]
[BlackTeamCountry "GER"]

1. d4 d5 2. Nf3 Nf6 3. e3 c5 4. b3 cxd4 5. exd4 Nc6 6. Bb2 Bg4 7. Be2 e6 8. 0-0 Qb6 9. Nbd2 Bd6 10. Rc1 0-0 11. h3 Bh5 12. c4 Bf4 13. c5 Qc7 14. Ra1 Rfd8 15. Ne1 Bg6 16. Nd3 Bh6 17. Nf3 b6 18. Bc1 Bxc1 19. Rxc1 bxc5 20. Rxc5 Ne4 21. Rc1 Qb6 22. Nde5 Rac8 23. Nxc6 Rxc6 24. Ne5 Rcc8 25. h4 Nc3 26. Qd2 Qxd4 27. Qb2 Qxe5 28. Ba6 Rc6 29. Bb5 Rc7 30. Rfe1 Qf6 0-1

[Event "GER-chT Lands U20"]
[Site "Neumuenster"]
[Date "2021.10.06"]
[Round "7.6"]
[White "Bock, Marlon"]
[Black "Pohle, Saskia"]
[Result "1/2-1/2"]
[WhiteElo "1727"]
[BlackElo "1880"]
[PlyCount "112"]
[EventDate "2021.10.01"]
[EventType "team-swiss"]
[EventRounds "7"]
[EventCountry "GER"]
[SourceTitle "CBM 204 Extra"]
[Source "ChessBase"]
[SourceDate "2021.11.30"]
[SourceVersion "1"]
[SourceVersionDate "2021.11.30"]
[SourceQuality "1"]
[WhiteTeam "Thueringen"]
[BlackTeam "Sachsen Anhalt"]
[WhiteTeamCountry "GER"]
[BlackTeamCountry "GER"]

1. b3 e5 2. Bb2 Nc6 3. e3 Nf6 4. c4 Be7 5. Nf3 e4 6. Nd4 Nxd4 7. Bxd4 c5 8. Bxf6 Bxf6 9. Nc3 b6 10. Qc2 Bb7 11. Rd1 Qe7 12. g3 0-0 13. Bg2 Bxc3 14. Qxc3 d5 15. 0-0 Rad8 16. d4 Ba6 17. Rfe1 cxd4 18. Rxd4 Bb7 19. cxd5 Bxd5 20. Rc1 Rd7 21. Qd2 Be6 22. Bxe4 Rxd4 23. Qxd4 Rd8 24. Qe5 f6 25. Qc3 g6 26. Bf3 Rd7 27. h4 h5 28. Kg2 Kg7 29. Qc6 Rd2 30. Qc7 Rd7 31. Qc6 Rd2 32. Qc7 Rd7 33. Qb8 Kh7 34. Rc8 Qg7 35. Bc6 Rf7 36. Rd8 Rc7 37. Rh8+ Qxh8 38. Qxc7+ Qg7 39. Qxg7+ Kxg7 40. f4 Kf7 41. e4 Ke7 42. Kf2 f5 43. e5 Bc8 44. b4 Be6 45. a3 Bc4 46. Ke3 Bb3 47. Kd4 Bd1 48. a4 Bb3 49. a5 Bd1 50. Bb5 Bb3 51. Bc4 Bd1 52. Bd3 Bb3 53. Be2 Be6 54. Bd3 Bb3 55. Bc4 Bd1 56. Ba2 Bf3 1/2-1/2

[Event "GER-chT Lands U20"]
[Site "Neumuenster"]
[Date "2021.10.04"]
[Round "5.7"]
[White "Herrmann, Jakob"]
[Black "Bock, Marlon"]
[Result "1/2-1/2"]
[WhiteElo "1538"]
[BlackElo "1727"]
[PlyCount "72"]
[EventDate "2021.10.01"]
[EventType "team-swiss"]
[EventRounds "7"]
[EventCountry "GER"]
[SourceTitle "CBM 204 Extra"]
[Source "ChessBase"]
[SourceDate "2021.11.30"]
[SourceVersion "1"]
[SourceVersionDate "2021.11.30"]
[SourceQuality "1"]
[WhiteTeam "Mecklenburg Vorpommern"]
[BlackTeam "Thueringen"]
[WhiteTeamCountry "GER"]
[BlackTeamCountry "GER"]

1. e4 e5 2. Nf3 Nc6 3. d4 exd4 4. Nxd4 Bb4+ 5. c3 Bc5 6. Be3 Bb6 7. Qg4 Qf6 8. Qg3 d6 9. Nb5 Bxe3 10. fxe3 Kd8 11. Nd2 Ne5 12. 0-0-0 Bg4 13. Nf3 a6 14. Qxe5 axb5 15. Qxb5 Bxf3 16. e5 Qf5 17. gxf3 Rxa2 18. Qxb7 Ra1+ 19. Kd2 Rxd1+ 20. Kxd1 Qxe5 21. Qb8+ Kd7 22. Bb5+ Ke6 23. Qc8+ Kf6 24. Qxc7 Ne7 25. Qb6 Ra8 26. Kc2 Nd5 27. Qd4 Nxe3+ 28. Kd3 Qxd4+ 29. Kxd4 Nf5+ 30. Kd3 Rb8 31. c4 d5 32. b3 Nd6 33. Ba4 dxc4+ 34. bxc4 Rb4 35. Bb5 Nxb5 36. cxb5 Rxb5 1/2-1/2

[Event "GER-chT Lands U20"]
[Site "Neumuenster"]
[Date "2021.10.02"]
[Round "2.7"]
[White "Chugunov, Ivan"]
[Black "Bock, Marlon"]
[Result "1/2-1/2"]
[WhiteElo "1515"]
[BlackElo "1727"]
[PlyCount "50"]
[EventDate "2021.10.01"]
[EventType "team-swiss"]
[EventRounds "7"]
[EventCountry "GER"]
[SourceTitle "CBM 204 Extra"]
[Source "ChessBase"]
[SourceDate "2021.11.30"]
[SourceVersion "1"]
[SourceVersionDate "2021.11.30"]
[SourceQuality "1"]
[WhiteTeam "Wuerttemberg"]
[BlackTeam "Thueringen"]
[WhiteTeamCountry "GER"]
[BlackTeamCountry "GER"]

1. e4 e5 2. Nf3 Nc6 3. Bb5 a6 4. Ba4 Nf6 5. 0-0 Be7 6. Re1 b5 7. Bb3 d6 8. c3 0-0 9. h3 Nb8 10. d4 Nbd7 11. Be3 Bb7 12. Nbd2 Nxe4 13. Nxe4 Bxe4 14. dxe5 Bxf3 15. Qxf3 Nxe5 16. Qe4 Bf6 17. Bd5 Rc8 18. Bb7 d5 19. Qxd5 Qxd5 20. Bxd5 Rcd8 21. Rad1 c6 22. Be4 Nc4 23. Bc1 c5 24. Bd5 Nb6 25. Bb7 a5 1/2-1/2

[Event "GER-ch U14"]
[Site "Willingen"]
[Date "2021.08.29"]
[Round "9"]
[White "Kieselbach, Jannik"]
[Black "Bock, Marlon"]
[Result "1-0"]
[WhiteElo "1462"]
[BlackElo "1767"]
[PlyCount "67"]
[EventDate "2021.08.22"]
[EventType "swiss"]
[EventRounds "9"]
[EventCountry "GER"]
[SourceTitle "EXT 2022"]
[Source "ChessBase"]
[SourceDate "2021.10.06"]
[SourceVersion "1"]
[SourceVersionDate "2021.10.06"]
[SourceQuality "1"]

1. e4 e5 2. Nf3 Nc6 3. d4 exd4 4. Nxd4 Nf6 5. Nc3 Bb4 6. Nxc6 bxc6 7. Bd3 0-0 8. 0-0 d5 9. exd5 cxd5 10. Bg5 c6 11. Qf3 Bd6 12. Ne2 Be5 13. Rab1 Rb8 14. b3 h6 15. Bf4 Re8 16. Bxe5 Rxe5 17. h3 c5 18. Ng3 Qe8 19. Nf5 Ne4 20. Bxe4 dxe4 21. Nxh6+ gxh6 22. Qe3 Rb6 23. Rbd1 Qe7 24. Rd2 Rd6 25. Re2 Qg5 26. f4 exf3 27. Qxe5 fxe2 28. Qe8+ Kh7 29. Rxf7+ Kg6 30. Rf8+ Kh7 31. Rh8+ Kg7 32. Rg8+ Kf6 33. Rf8+ Kg7 34. Qf7# 1-0

[Event "GER-ch U14"]
[Site "Willingen"]
[Date "2021.08.26"]
[Round "6"]
[White "Guo, Philipp Ziming"]
[Black "Bock, Marlon"]
[Result "1/2-1/2"]
[WhiteElo "1728"]
[BlackElo "1767"]
[PlyCount "44"]
[EventDate "2021.08.22"]
[EventType "swiss"]
[EventRounds "9"]
[EventCountry "GER"]
[SourceTitle "EXT 2022"]
[Source "ChessBase"]
[SourceDate "2021.10.06"]
[SourceVersion "1"]
[SourceVersionDate "2021.10.06"]
[SourceQuality "1"]

1. e4 e5 2. Nf3 Nc6 3. d4 exd4 4. Nxd4 Bb4+ 5. c3 Bc5 6. Be3 Bb6 7. Nf5 Bxe3 8. Nxe3 Nf6 9. f3 0-0 10. c4 d6 11. Nc3 Nd7 12. Qd2 Nc5 13. 0-0-0 f5 14. Bd3 Ne5 15. Be2 fxe4 16. Nxe4 Nxe4 17. Qd5+ Kh8 18. Qxe4 Qg5 19. Rd2 Rf4 20. Qd5 Rf6 21. Qe4 Rf4 22. Qd5 Rf6 1/2-1/2

[Event "GER-ch U14"]
[Site "Willingen"]
[Date "2021.08.25"]
[Round "4"]
[White "Kempe, Caius Emilian"]
[Black "Bock, Marlon"]
[Result "1-0"]
[WhiteElo "2013"]
[BlackElo "1767"]
[PlyCount "57"]
[EventDate "2021.08.22"]
[EventType "swiss"]
[EventRounds "9"]
[EventCountry "GER"]
[SourceTitle "EXT 2022"]
[Source "ChessBase"]
[SourceDate "2021.10.06"]
[SourceVersion "1"]
[SourceVersionDate "2021.10.06"]
[SourceQuality "1"]

1. d4 d5 2. c4 dxc4 3. e3 Nf6 4. Bxc4 e6 5. Nf3 c5 6. 0-0 Be7 7. Nc3 0-0 8. Qe2 a6 9. a4 cxd4 10. Rd1 Nc6 11. exd4 Nb4 12. Bg5 Nbd5 13. h3 h6 14. Bh4 b6 15. Nxd5 exd5 16. Bd3 Re8 17. Qf1 Ne4 18. Bxe7 Qxe7 19. Ne5 Qg5 20. Ra3 f6 21. Bxe4 dxe4 22. Rg3 Qf5 23. Ng4 Kh8 24. Ne3 Qe6 25. d5 Qd6 26. Qc4 Bd7 27. b3 b5 28. Qd4 f5 29. Qxg7# 1-0

[Event "GER-ch U14"]
[Site "Willingen"]
[Date "2021.08.23"]
[Round "1"]
[White "Bock, Marlon"]
[Black "Rempe, Jonas"]
[Result "1-0"]
[WhiteElo "1767"]
[BlackElo "2026"]
[PlyCount "53"]
[EventDate "2021.08.22"]
[EventType "swiss"]
[EventRounds "9"]
[EventCountry "GER"]
[SourceTitle "EXT 2022"]
[Source "ChessBase"]
[SourceDate "2021.10.06"]
[SourceVersion "1"]
[SourceVersionDate "2021.10.06"]
[SourceQuality "1"]

1. d4 Nf6 2. Nf3 g6 3. Nc3 d5 4. Bf4 Bg7 5. Qd2 0-0 6. Bh6 c6 7. Bxg7 Kxg7 8. e3 Qc7 9. Ne5 Nbd7 10. f4 e6 11. Bd3 c5 12. 0-0 a6 13. a4 b6 14. Qf2 c4 15. Be2 Ne8 16. Qh4 Nd6 17. g4 Rb8 18. Kh1 b5 19. f5 exf5 20. gxf5 b4 21. Nxd5 Bb7 22. e4 Bxd5 23. exd5 Nf6 24. Rf4 Nxd5 25. f6+ Kh8 26. Qh6 Rg8 27. Qxh7+ 1-0

[Event "GER-chT U14"]
[Site "Willingen"]
[Date "2021.06.27"]
[Round "7.5"]
[White "Schulemann, Gero"]
[Black "Bock, Marlon"]
[Result "0-1"]
[WhiteElo "1835"]
[BlackElo "1654"]
[PlyCount "54"]
[EventDate "2021.06.23"]
[EventType "team-swiss"]
[EventRounds "7"]
[EventCountry "GER"]
[SourceTitle "EXT 2022"]
[Source "ChessBase"]
[SourceDate "2021.10.06"]
[SourceVersion "1"]
[SourceVersionDate "2021.10.06"]
[SourceQuality "1"]
[WhiteTeam "Halle USV"]
[BlackTeam "Weimar"]
[WhiteTeamCountry "GER"]
[BlackTeamCountry "GER"]

1. e4 e5 2. Nf3 Nc6 3. Bc4 Bc5 4. b4 Bxb4 5. c3 Ba5 6. d4 exd4 7. 0-0 d6 8. Qb3 Qe7 9. cxd4 Bd7 10. d5 Ne5 11. Nxe5 Qxe5 12. Bb2 Qg5 13. e5 Ne7 14. f4 Qh6 15. Qxb7 0-0 16. Qa6 Bb6+ 17. Kh1 Nf5 18. Rf3 Rab8 19. Nd2 Be3 20. Bc3 Bxf4 21. Rxf4 Qxf4 22. e6 Bc8 23. Qxa7 Rb7 24. Qa3 Ne3 25. Bd3 fxe6 26. dxe6 Bxe6 27. Re1 Bd5 0-1

[Event "GER-chT U14"]
[Site "Willingen"]
[Date "2021.06.25"]
[Round "4.3"]
[White "Garner, Isaac"]
[Black "Bock, Marlon"]
[Result "1-0"]
[WhiteElo "2095"]
[BlackElo "1654"]
[PlyCount "123"]
[EventDate "2021.06.23"]
[EventType "team-swiss"]
[EventRounds "7"]
[EventCountry "GER"]
[SourceTitle "EXT 2022"]
[Source "ChessBase"]
[SourceDate "2021.10.06"]
[SourceVersion "1"]
[SourceVersionDate "2021.10.06"]
[SourceQuality "1"]
[WhiteTeam "Hamburger SK"]
[BlackTeam "Weimar"]
[WhiteTeamCountry "GER"]
[BlackTeamCountry "GER"]

1. e4 e5 2. Nf3 Nc6 3. Bc4 Bc5 4. d3 Nf6 5. 0-0 h6 6. c3 d6 7. Nbd2 0-0 8. h3 a6 9. Bb3 b5 10. Re1 Bb6 11. Nf1 Ne7 12. Ng3 Ng6 13. d4 c5 14. Be3 Bb7 15. Bc2 Re8 16. d5 c4 17. b4 Bxe3 18. fxe3 Qb6 19. a4 Ra7 20. Kh2 Bc8 21. Qe2 Bd7 22. Reb1 Rea8 23. Nd2 Ne7 24. Ra2 Kh7 25. a5 Qc7 26. Rf1 Rg8 27. Nf3 Raa8 28. Nh4 Raf8 29. Bb1 Bc8 30. Qe1 Nd7 31. Raf2 f6 32. Nhf5 Rf7 33. Nh5 Nxf5 34. exf5 Bb7 35. e4 Bc8 36. Qe3 Qd8 37. Bc2 Nf8 38. Bd1 Kh8 39. Rf3 Nh7 40. h4 Bd7 41. Rh3 Rgf8 42. g4 Kg8 43. Ng3 Bc8 44. Ne2 Ng5 45. hxg5 fxg5 46. Rhf3 Rf6 47. Ng3 Qc7 48. Nh5 Kf7 49. Be2 Rd8 50. Kg3 Rh8 51. Kf2 Rd8 52. Ke1 Rh8 53. Kd2 Rd8 54. Rh3 Rh8 55. Rfh1 Qd8 56. R1h2 Bd7 57. Qa7 Qc8 58. Qb6 Qb8 59. Qxa6 Bc8 60. Qb6 Bd7 61. Rh1 Qa8 62. Nxf6 1-0

[Event "GER-ch U14"]
[Site "Willingen"]
[Date "2020.10.23"]
[Round "6"]
[White "Bock, Marlon"]
[Black "Lerchl, Clemens"]
[Result "1/2-1/2"]
[WhiteElo "1776"]
[BlackElo "1699"]
[PlyCount "56"]
[EventDate "2020.10.19"]
[EventType "swiss"]
[EventRounds "7"]
[EventCountry "GER"]
[SourceTitle "EXT 2022"]
[Source "ChessBase"]
[SourceDate "2021.10.06"]
[SourceVersion "1"]
[SourceVersionDate "2021.10.06"]
[SourceQuality "1"]

1. d4 Nf6 2. Nf3 g6 3. Nc3 d5 4. Bf4 Bg7 5. Qd2 0-0 6. Bh6 c5 7. Bxg7 Kxg7 8. dxc5 Qa5 9. Ne4 Qxd2+ 10. Nexd2 Na6 11. Nb3 Ne4 12. e3 Naxc5 13. Nxc5 Nxc5 14. Rd1 e6 15. Be2 b6 16. Nd4 Ba6 17. Nb5 Bxb5 18. Bxb5 a6 19. Be2 Na4 20. Rb1 Rfc8 21. c3 b5 22. 0-0 Nb6 23. Rfd1 Nc4 24. Kf1 Rab8 25. Ke1 b4 26. Bxc4 Rxc4 27. cxb4 Rbxb4 28. b3 Rc5 1/2-1/2

[Event "GER-ch U14"]
[Site "Willingen"]
[Date "2020.10.23"]
[Round "5"]
[White "Bock, Marlon"]
[Black "Schwartz, Oliver"]
[Result "0-1"]
[WhiteElo "1776"]
[BlackElo "1794"]
[PlyCount "100"]
[EventDate "2020.10.19"]
[EventType "swiss"]
[EventRounds "7"]
[EventCountry "GER"]
[SourceTitle "EXT 2022"]
[Source "ChessBase"]
[SourceDate "2021.10.06"]
[SourceVersion "1"]
[SourceVersionDate "2021.10.06"]
[SourceQuality "1"]

1. e4 c5 2. Nc3 Nc6 3. Nge2 g6 4. g3 Bg7 5. Bg2 e6 6. h4 h5 7. d3 Nge7 8. Bg5 d6 9. 0-0 0-0 10. Qd2 Kh7 11. Rae1 Rb8 12. Nd1 b5 13. c3 Qa5 14. b4 Qa3 15. bxc5 dxc5 16. Bf4 Rb7 17. Bd6 Rd8 18. e5 Rbd7 19. f4 Bb7 20. d4 Nf5 21. dxc5 Qxc5+ 22. Bxc5 Rxd2 23. Nf2 Bf8 24. Ne4 Rxa2 25. Nc1 Rc2 26. Nb3 Nxg3 27. Nxg3 Rxc3 28. Bxf8 Rxg3 29. Nc5 Ba8 30. Ne4 Rxg2+ 31. Kxg2 Rxf8 32. Kg3 Nd4 33. Nd6 Bd5 34. Ra1 Nf5+ 35. Nxf5 gxf5 36. Rg1 Rg8+ 37. Kf2 Rg4 38. Rxg4 fxg4 39. Rxa7 Kg6 40. Ra3 b4 41. Ra4 b3 42. Rb4 f6 43. exf6 Kxf6 44. Rb8 Ke7 45. Ke3 g3 46. Kd2 Kf7 47. Ke2 g2 48. Kf2 Kf6 49. Rb4 Ke7 50. Rb8 Kd7 0-1

[Event "GER-chT School WK 4"]
[Site "Playchess.com INT"]
[Date "2020.06.16"]
[Round "2.1"]
[White "Bock, Marlon"]
[Black "Fischer, Juliane"]
[Result "1-0"]
[WhiteElo "1746"]
[BlackElo "1620"]
[PlyCount "59"]
[EventDate "2020.06.16"]
[EventType "team-swiss (blitz)"]
[EventRounds "5"]
[EventCountry "GER"]
[SourceTitle "EXT 2021"]
[Source "ChessBase"]
[SourceDate "2020.10.23"]
[SourceVersion "1"]
[SourceVersionDate "2020.10.23"]
[SourceQuality "1"]
[WhiteTeam "Weimar Schiller Gymn"]
[BlackTeam "Gernsheim Gymn"]
[WhiteTeamCountry "GER"]
[BlackTeamCountry "GER"]

1. d4 d5 2. Nf3 Nf6 3. e3 Bf5 4. c4 e6 5. Nc3 Be7 6. Be2 0-0 7. 0-0 Nbd7 8. Ne5 c5 9. f4 Nxe5 10. fxe5 Ne4 11. cxd5 Nxc3 12. bxc3 cxd4 13. exd4 Qxd5 14. Bf3 Qd7 15. Qb3 Rfc8 16. Qxb7 Qd8 17. Qa6 Rab8 18. Ba3 Rxc3 19. Bxe7 Qxe7 20. Rac1 Bd3 21. Qd6 Qxd6 22. exd6 Rc4 23. Rxc4 Bxc4 24. Rc1 Bxa2 25. d7 Rf8 26. Rc8 h6 27. Rxf8+ Kh7 28. d8Q a5 29. Be4+ g6 30. Rxf7# 1-0

[Event "GER-chT School WK 4"]
[Site "Playchess.com INT"]
[Date "2020.06.16"]
[Round "3.1"]
[White "Kiss, Sebastian"]
[Black "Bock, Marlon"]
[Result "0-1"]
[WhiteElo "1620"]
[BlackElo "1746"]
[PlyCount "38"]
[EventDate "2020.06.16"]
[EventType "team-swiss (blitz)"]
[EventRounds "5"]
[EventCountry "GER"]
[SourceTitle "EXT 2021"]
[Source "ChessBase"]
[SourceDate "2020.10.23"]
[SourceVersion "1"]
[SourceVersionDate "2020.10.23"]
[SourceQuality "1"]
[WhiteTeam "Dresden Nexoe Gymn II"]
[BlackTeam "Weimar Schiller Gymn"]
[WhiteTeamCountry "GER"]
[BlackTeamCountry "GER"]

1. e4 e5 2. d4 exd4 3. c3 d3 4. Bxd3 Nc6 5. Be3 Nf6 6. Nd2 d6 7. f4 Bg4 8. Qc2 Be7 9. h3 Bd7 10. Ngf3 0-0 11. 0-0-0 Qb8 12. g4 b5 13. e5 Nd5 14. exd6 Nxe3 15. Qb3 Bxd6 16. Rde1 Bxf4 17. Ne4 Na5 18. Qa3 Nec4+ 19. Ned2 Nxa3 0-1

[Event "GER Cup Net V2 U2000"]
[Site "Playchess.com INT"]
[Date "2020.05.22"]
[Round "9"]
[White "Berberich, Christoph"]
[Black "Bock, Marlon"]
[Result "1-0"]
[WhiteElo "1716"]
[BlackElo "1606"]
[PlyCount "81"]
[EventDate "2020.05.22"]
[EventType "swiss (blitz)"]
[EventRounds "9"]
[EventCountry "GER"]
[SourceTitle "EXT 2021"]
[Source "ChessBase"]
[SourceDate "2020.10.23"]
[SourceVersion "1"]
[SourceVersionDate "2020.10.23"]
[SourceQuality "1"]

1. d4 e5 2. dxe5 Nc6 3. Nf3 Qe7 4. Nc3 Nxe5 5. e4 Nf6 6. Bg5 h6 7. Bxf6 Qxf6 8. Nd5 Nxf3+ 9. Qxf3 Qxf3 10. gxf3 Bd6 11. f4 c6 12. e5 Bxe5 13. fxe5 cxd5 14. Bg2 d4 15. 0-0-0 0-0 16. Rxd4 Re8 17. f4 Rb8 18. Bh3 Re7 19. Rhd1 b5 20. Bxd7 Bxd7 21. Rxd7 Rb7 22. Rxe7 Rxe7 23. Rd8+ Kh7 24. Rd5 a6 25. Kd2 Kg6 26. Ke3 f6 27. Ke4 fxe5 28. Rd6+ Kf7 29. fxe5 Re6 30. Rd7+ Kg6 31. Kd5 Kf5 32. Rf7+ Rf6 33. exf6 g5 34. Rh7 Kg6 35. f7 Kxh7 36. f8Q g4 37. Qf7+ Kh8 38. Ke5 g3 39. hxg3 b4 40. Kf6 b3 41. Qg7# 1-0